000 00313nam a22001457a 4500
008 211018b ||||| |||| 00| 0 eng d
020 _a97803211925831
041 _aeng
080 _23rd
_a311
082 _a311
100 _a54
101 _aSTA
245 _aBusiness Statistics
_cSharpe,
942 _2udc
_cBK
999 _c58246
_d58246